Once Upon a Time : 4 well-loved nursery tales / (Record no. 48024)
| 000 -LEADER | |
|---|---|
| fixed length control field | 00482nam a2200133 4500 |
| 020 ## - INTERNATIONAL STANDARD BOOK NUMBER | |
| International Standard Book Number | 978-1571459312 |
| 100 ## - MAIN ENTRY--PERSONAL NAME | |
| Personal name | Lancome, Susie, |
| Relator term | author. |
| 9 (RLIN) | 85820 |
| 245 ## - TITLE STATEMENT | |
| Title | Once Upon a Time : 4 well-loved nursery tales / |
| Statement of responsibility, etc | Illustrator : Susie Lancome, Adapter : Beth Harwood. |
| 260 ## - PUBLICATION, DISTRIBUTION, ETC. (IMPRINT) | |
| Place of publication, distribution, etc | UK : |
| Name of publisher, distributor, etc | Templar Publishing ; |
| Date of publication, distribution, etc | 2006. |
| 300 ## - PHYSICAL DESCRIPTION | |
| Extent | 26 pages. |
| 650 ## - SUBJECT ADDED ENTRY--TOPICAL TERM | |
| 9 (RLIN) | 58519 |
| Topical term or geographic name as entry element | Books : Children's Books : Fairy Tales, Folk Tales & Myths |
| 650 #4 - SUBJECT ADDED ENTRY--TOPICAL TERM | |
| 9 (RLIN) | 29150 |
| Topical term or geographic name as entry element | children fairy tales |
| 942 ## - ADDED ENTRY ELEMENTS (KOHA) | |
| Source of classification or shelving scheme | |
| Koha item type | Book |
| Withdrawn status | Lost status | Source of classification or shelving scheme | Damaged status | Not for loan | Home library | Current library | Date acquired | Total Checkouts | Full call number | Barcode | Date last seen | Date checked out | Price effective from | Koha item type |
|---|---|---|---|---|---|---|---|---|---|---|---|---|---|---|
| Logos International School | Logos International School | 12/02/2024 | 7 | J 398.2 LAC | 040215 | 11/28/2025 | 10/31/2025 | 12/02/2024 | Book |